| 000 | 00000nam 2200000za 4500 |
| 001 | 9.840286 |
| 003 | CaOODSP |
| 005 | 20221107151814 |
| 007 | cr ||||||||||| |
| 008 | 170725s2016 onc |o f|0| 0 eng d |
| 040 | |aCaOODSP|beng |
| 043 | |an-cn--- |
| 086 | 1 |aT86-29/2016E-PDF |
| 245 | 00|aFire risk of electronic cigarettes in checked baggage on board an aircraft |h[electronic resource]. |
| 260 | |a[Ottawa] : |bTransport Canada, |c2016. |
| 300 | |a[2] p. |
| 500 | |aIssued also in French under title: |
| 500 | |aAt head of title: Safety advisory. |
| 500 | |aIssued also in French under title: Risque d'incendie de cigarettes électroniques dans les bagages enregistrés à bord des avions. |
| 500 | |a"February 2016." |
| 500 | |aCaption title. |
| 500 | |a"Transportation of dangerous goods." |
| 520 | |a"The purpose of this safety advisory is to advise air operators, passengers and crew of the risks involved in transporting electronic cigarettes (e-cigarettes) in checked baggage on board an aircraft."--p. [1]. |
| 692 | 07|2gccst|aHazardous materials transport |
| 692 | 07|2gccst|aFire prevention |
| 710 | 1 |aCanada. |bTransport Canada. |
| 775 | 08|tRisque d'incendie de cigarettes électroniques dans les bagages enregistrés à bord des avions |w(CaOODSP)9.840287 |
| 856 | 40|qPDF|s253 KB|uhttps://publications.gc.ca/collections/collection_2017/tc/T86-29-2016-eng.pdf |
| 986 | |aRDIMS # 10354611 |